Visualizzazione normale
Vista MARC
- Godard Jean-Luc
di Personal Name
Records bibliografici associati: 1
001 - CONTROL NUMBER
- control field: 54780
003 - CONTROL NUMBER IDENTIFIER
- control field: IT-RoPau
005 - DATE AND TIME OF LATEST TRANSACTION
- control field: 20151203220909.0
008 - FIXED-LENGTH DATA ELEMENTS
- fixed length control field: 151203|| aca||aabn | a|a d
040 ## - CATALOGING SOURCE
- Original cataloging agency: IT-RoPau
- Transcribing agency: IT-RoPau
100 ## - HEADING--PERSONAL NAME
- Personal name: Godard Jean-Luc
- Relator term: (regista)
- Miscellaneous information: Codice regista SPICS: 5975
670 ## - SOURCE DATA FOUND
- Source citation: Work cat.: (IT-RoPau)108173: Godard Jean-Luc Codice regista SPICS: 5975 54778, HELAS POUR MOI HELAS POUR MOI (Rif. Codice opera principale : C6325)